| 000 | 00858nam a2200277 a 4500 | ||
|---|---|---|---|
| 001 | 26856 | ||
| 003 | BD-RjUL | ||
| 005 | 20211209051057.0 | ||
| 008 | 181015s1872 enk b 000 0 eng d | ||
| 035 | _a(BD-RjUL)26927 | ||
| 035 | _a(NjP)1778807 | ||
| 040 |
_aMIA _cMIA _dPUL _dBD-RjUL _beng |
||
| 041 | _aeng | ||
| 082 |
_223 _a954.0088297 _bHUI 1872 |
||
| 100 | 1 |
_aHunter, William Wilson, _d1840-1900. _9223790 |
|
| 245 | 1 | 4 |
_aThe Indian Musalmans / _cby W.W. Hunter. |
| 250 | _a2nd ed. | ||
| 260 |
_aLondon : _bTrübner and Co., _c1872. |
||
| 300 |
_a219 p. ; _c24 cm. |
||
| 504 | _aIncludes bibliographical references. | ||
| 650 | 0 |
_aMuslims _zIndia. _9223791 |
|
| 650 | 0 |
_aBritish Occupation of India (1765-1947) _9223792 |
|
| 650 | 0 |
_aMuslims _xPolitical activity _9223793 |
|
| 651 |
_aIndia _xPolitics and government _9223794 |
||
| 942 |
_2ddc _cRAR |
||
| 999 |
_c26856 _d26856 |
||